[Event "CHN-chB"]
[Site "Jiangmen"]
[Date "2018.07.21"]
[Round "8"]
[White "Xu, Hanbing"]
[Black "Dai, Changren"]
[Result "1/2-1/2"]
[WhiteElo "2300"]
[BlackElo "2458"]
[PlyCount "129"]
[EventDate "2018.07.18"]
[EventType "swiss"]
[EventRounds "11"]
[EventCountry "CHN"]
[SourceTitle "CBM 185 Extra"]
[Source "ChessBase"]
[SourceDate "2018.07.29"]
[SourceVersion "1"]
[SourceVersionDate "2018.07.29"]
[SourceQuality "1"]

1. d4 Nf6 2. c4 e6 3. g3 Bb4+ 4. Bd2 Be7 5. Bg2 d5 6. Nf3 0-0 7. 0-0 Nbd7 8. Qc2 c6 9. Bg5 b5 10. cxb5 cxb5 11. Rc1 Ba6 12. Nbd2 b4 13. Bf1 Qb6 14. Bf4 Rac8 15. Bc7 Qb7 16. Qc6 Qxc6 17. Rxc6 Nb6 18. b3 Ne4 19. Nxe4 dxe4 20. Ne5 Bb5 21. Rcc1 Nd5 22. Ba5 e3 23. Nc4 exf2+ 24. Kxf2 Bg5 25. e3 Bxc4 26. Rxc4 Bxe3+ 27. Kf3 Bd2 28. a3 Bc3 29. Ra2 Rxc4 30. Bxc4 Bxd4 31. Bxd5 exd5 32. Rd2 Bb6 33. Bxb6 axb6 34. a4 Rd8 35. Rd4 Kf8 36. Ke3 Ke7 37. Rxb4 Rd6 38. Rf4 Ke6 39. Kd4 Rc6 40. Rf2 Rc1 41. Re2+ Kd6 42. Re8 Rd1+ 43. Kc3 Rf1 44. Rb8 Kc7 45. Rh8 h6 46. Rh7 Rf3+ 47. Kd4 Kd6 48. Rxg7 Rxb3 49. Rxf7 Rb4+ 50. Kd3 Rxa4 51. Rf6+ Kc5 52. Rxh6 Ra3+ 53. Kc2 b5 54. Rh8 d4 55. Rc8+ Kb4 56. Rd8 Rc3+ 57. Kd2 Kc4 58. Rc8+ Kb3 59. Rd8 Rc2+ 60. Kd3 Rxh2 61. Rg8 b4 62. Kxd4 Re2 63. g4 Kb2 64. g5 b3 65. g6 1/2-1/2

[Event "CHN-chB"]
[Site "Jiangmen"]
[Date "2018.07.21"]
[Round "7"]
[White "Zhang, Yifan"]
[Black "Xu, Hanbing"]
[Result "1/2-1/2"]
[WhiteElo "2000"]
[BlackElo "2300"]
[PlyCount "46"]
[EventDate "2018.07.18"]
[EventType "swiss"]
[EventRounds "11"]
[EventCountry "CHN"]
[SourceTitle "CBM 185 Extra"]
[Source "ChessBase"]
[SourceDate "2018.07.29"]
[SourceVersion "1"]
[SourceVersionDate "2018.07.29"]
[SourceQuality "1"]

1. Nf3 g6 2. c4 Bg7 3. g3 c5 4. Bg2 Nc6 5. 0-0 e5 6. Nc3 Nge7 7. d3 0-0 8. Ne1 d6 9. Nc2 h6 10. a3 a6 11. a4 Rb8 12. Rb1 Be6 13. Be3 Qd7 14. b4 b6 15. a5 cxb4 16. Nxb4 Nxb4 17. Rxb4 bxa5 18. Rxb8 Rxb8 19. Qa1 d5 20. cxd5 Nxd5 21. Bxd5 Bxd5 22. Qxa5 Bb7 23. Rb1 Re8 1/2-1/2

[Event "Ho Chi Minh City HD Bank op 2nd"]
[Site "Ho Chi Minh City"]
[Date "2012.03.04"]
[Round "5"]
[White "Vu, Thi Dieu Ai"]
[Black "Xu, Hanbing"]
[Result "0-1"]
[WhiteElo "1833"]
[BlackElo "2328"]
[PlyCount "97"]
[EventDate "2012.03.02"]
[EventType "swiss"]
[EventRounds "9"]
[EventCountry "VIE"]
[SourceTitle "CBM 147 Extra"]
[Source "ChessBase"]
[SourceDate "2012.04.24"]
[SourceVersion "1"]
[SourceVersionDate "2012.04.24"]
[SourceQuality "1"]

1. d4 Nf6 2. c4 e6 3. Nc3 d5 4. Nf3 c6 5. Bf4 dxc4 6. Bxb8 Rxb8 7. Ne5 Be7 8. e3 Nd7 9. Nxc4 b5 10. Nd2 0-0 11. Be2 b4 12. Nce4 c5 13. dxc5 Nxc5 14. Nxc5 Bxc5 15. Qc2 Be7 16. 0-0 Bb7 17. Rfd1 Qa5 18. Nb3 Qg5 19. Bf1 Rbc8 20. Qe2 Rc7 21. Rac1 Rfc8 22. Qb5 Qxb5 23. Bxb5 Bf6 24. Rxc7 Rxc7 25. Rd2 g6 26. f3 Be5 27. Kf2 h5 28. f4 Bf6 29. Be2 Be4 30. Nd4 e5 31. Nb5 Rc5 32. Nd6 Bd5 33. b3 exf4 34. exf4 Bc3 35. Rd1 a5 36. Bc4 Bxc4 37. Nxc4 a4 38. Rd3 Kg7 39. h4 Rc6 40. Ke2 Ra6 41. Rd1 axb3 42. axb3 Ra2+ 43. Kf3 Ra3 44. Rb1 Bf6 45. g3 Ra2 46. Rd1 Rc2 47. Ke3 Be7 48. Ne5 Kf6 49. Rd2 0-1

[Event "CHN-chT"]
[Site "Ningbo"]
[Date "2011.04.13"]
[Round "2"]
[White "Xu, Hanbing"]
[Black "Wan, Yunguo"]
[Result "1/2-1/2"]
[WhiteElo "2378"]
[BlackElo "2458"]
[PlyCount "118"]
[EventDate "2011.04.12"]
[EventType "team-tourn"]
[EventRounds "18"]
[EventCountry "CHN"]
[SourceTitle "CBM 141 Extra"]
[Source "ChessBase"]
[SourceDate "2011.05.03"]
[SourceVersion "1"]
[SourceVersionDate "2011.05.03"]
[SourceQuality "1"]
[WhiteTeam "Qingdao"]
[BlackTeam "Hebei"]
[WhiteTeamCountry "CHN"]
[BlackTeamCountry "CHN"]

1. Nf3 Nf6 2. c4 g6 3. Nc3 Bg7 4. e4 d6 5. d4 0-0 6. Be2 e5 7. dxe5 dxe5 8. Qxd8 Rxd8 9. Bg5 Nbd7 10. Rd1 Rf8 11. Nd5 c6 12. Ne7+ Kh8 13. Be3 Re8 14. Nxc8 Rexc8 15. Ng5 Kg8 16. Bg4 Rd8 17. Bxd7 Nxd7 18. Ke2 h6 19. Nf3 Nf6 20. Nd2 Ng4 21. Bc5 f5 22. f3 Nf6 23. Be7 Rd4 24. Bc5 Rd7 25. exf5 gxf5 26. Nb3 b6 27. Rxd7 Nxd7 28. Be3 Kf7 29. Rd1 Ke6 30. c5 Bf8 31. Bxh6 Bxc5 32. Nxc5+ Nxc5 33. Be3 Nd7 34. g3 Rh8 35. h4 f4 36. gxf4 exf4 37. Bxf4 Rxh4 38. Rd6+ Ke7 39. Bg5+ Kxd6 40. Bxh4 Kd5 41. Bg3 a6 42. Kd3 Nc5+ 43. Kc3 Ne6 44. Bf2 c5 45. Be3 b5 46. b3 Ng7 47. Kd3 Nf5 48. Bf2 Ne7 49. Be1 Ng6 50. Bg3 Ne7 51. Be1 Nf5 52. Bf2 b4 53. Be3 Nh4 54. f4 Nf5 55. Bf2 Nd6 56. Bh4 c4+ 57. bxc4+ Nxc4 58. Be7 a5 59. f5 Ne5+ 1/2-1/2

[Event "CHN-chT"]
[Site "Ningbo"]
[Date "2011.04.12"]
[Round "1"]
[White "Yu, Lie"]
[Black "Xu, Hanbing"]
[Result "1-0"]
[WhiteElo "2404"]
[BlackElo "2378"]
[PlyCount "99"]
[EventDate "2011.04.12"]
[EventType "team-tourn"]
[EventRounds "18"]
[EventCountry "CHN"]
[SourceTitle "CBM 141 Extra"]
[Source "ChessBase"]
[SourceDate "2011.05.03"]
[SourceVersion "1"]
[SourceVersionDate "2011.05.03"]
[SourceQuality "1"]
[WhiteTeam "Zhejiang"]
[BlackTeam "Qingdao"]
[WhiteTeamCountry "CHN"]
[BlackTeamCountry "CHN"]

1. d4 Nf6 2. c4 Nc6 3. Nf3 e6 4. a3 d6 5. Nc3 g6 6. e4 Bg7 7. Be2 0-0 8. 0-0 d5 9. e5 Ne4 10. Qc2 Nxc3 11. Qxc3 f6 12. exf6 Qxf6 13. Be3 a5 14. Rad1 a4 15. Rfe1 Na5 16. Qc1 Qd8 17. Bh6 Nxc4 18. Bxg7 Kxg7 19. Bxc4 dxc4 20. Qxc4 Ra5 21. Re3 c6 22. h4 Qd5 23. Qe2 Qh5 24. Re5 Rxe5 25. dxe5 Qg4 26. Rd4 Rf4 27. Rd8 Rf8 28. Qd3 Qf5 29. Qd6 Kg8 30. Qc7 Rxd8 31. Qxd8+ Qf8 32. Qd4 b5 33. Ng5 c5 34. Qd3 c4 35. Qd4 Qe7 36. Qb6 Bd7 37. Ne4 Be8 38. Nf6+ Kg7 39. Qd6 Kf7 40. Qd2 Qc7 41. Qf4 Qd8 42. Nxh7+ Kg7 43. Ng5 Qe7 44. Qg4 Bf7 45. h5 c3 46. bxc3 Qxa3 47. h6+ Kf8 48. h7 Kg7 49. h8Q+ Kxh8 50. Qh4+ 1-0

[Event "CHN-chT 4th"]
[Site "China"]
[Date "2008.04.22"]
[Round "4"]
[White "Xu, Hanbing"]
[Black "Li, Chao B"]
[Result "1/2-1/2"]
[WhiteElo "2308"]
[BlackElo "2622"]
[PlyCount "114"]
[EventDate "2008.12.??"]
[EventType "team-tourn"]
[EventRounds "18"]
[EventCountry "CHN"]
[SourceTitle "EXT 2017"]
[Source "ChessBase"]
[SourceDate "2016.10.25"]
[SourceVersion "1"]
[SourceVersionDate "2016.10.25"]
[SourceQuality "1"]

1. d4 Nf6 2. c4 g6 3. Nc3 d5 4. Bf4 Bg7 5. e3 0-0 6. Rc1 c6 7. h3 Qa5 8. Nf3 dxc4 9. Bxc4 b5 10. Bb3 c5 11. dxc5 Bb7 12. 0-0 Na6 13. Nd4 Nxc5 14. Ncxb5 Nxb3 15. Qxb3 Bd5 16. Qc3 Qb6 17. Qa3 Nh5 18. Bh2 e5 19. Nc7 Bxg2 20. Kxg2 exd4 21. Nxa8 Qb7+ 22. Kg1 Qxa8 23. exd4 Bxd4 24. Rc7 Qe4 25. Qe7 Qf3 26. Qh4 Bb6 27. Rc2 Qd5 28. b3 Re8 29. Qg4 Re4 30. Qf3 Qe6 31. Kh1 h6 32. Kg1 Nf6 33. Rc4 Rxc4 34. bxc4 Ne4 35. Re1 f5 36. Re2 Qxc4 37. Qb3 Qxb3 38. axb3 Kf7 39. Kg2 g5 40. f3 Nc3 41. Re1 Nd5 42. Bg1 Nf4+ 43. Kh2 Bc7 44. Ra1 a5 45. Bf2 Nd3+ 46. Kg1 Ke6 47. Be1 Be5 48. Rd1 Nc5 49. Rb1 a4 50. bxa4 Nxa4 51. Rb4 Nc5 52. Rb6+ Kf7 53. Rxh6 Ne6 54. Bd2 f4 55. h4 Bg7 56. hxg5 Bxh6 57. gxh6 Kg6 1/2-1/2

[Event "Torch Cup"]
[Site "Xiapu"]
[Date "2005.06.23"]
[Round "16"]
[White "Qiao, Liang"]
[Black "Xu, Hanbing"]
[Result "1/2-1/2"]
[WhiteElo "2350"]
[BlackElo "2290"]
[PlyCount "66"]
[EventDate "2005.06.21"]
[EventType "team"]
[EventRounds "19"]
[EventCountry "CHN"]
[SourceTitle "CBM 106 Extra"]
[Source "ChessBase"]
[SourceDate "2005.07.01"]
[SourceVersion "1"]
[SourceVersionDate "2005.07.01"]
[SourceQuality "1"]

1. e4 e5 2. Nf3 Nc6 3. Bb5 Nf6 4. d3 Bc5 5. Be3 Qe7 6. Bxc5 Qxc5 7. Bxc6 dxc6 8. 0-0 0-0 9. Nbd2 Qe7 10. Nc4 Nd7 11. Qe1 c5 12. a3 f6 13. b4 Nb8 14. b5 Be6 15. Qc3 Nd7 16. a4 a6 17. Nfd2 b6 18. Rfb1 a5 19. Rf1 Rfe8 20. Ne3 Nf8 21. Qa3 Rad8 22. c4 Qd6 23. Nd5 Bf7 24. Qb2 Ne6 25. g3 Nd4 26. Nb3 Bxd5 27. cxd5 f5 28. Nxd4 exd4 29. f3 f4 30. g4 Qe5 31. h4 Rd6 32. Kg2 h5 33. g5 Kf7 1/2-1/2

[Event "CHN-chT Torch Real Estate Cup"]
[Site "Wuxi"]
[Date "2005.05.14"]
[Round "13"]
[White "Xu, Hanbing"]
[Black "Wu, Wenjin"]
[Result "0-1"]
[WhiteElo "2290"]
[BlackElo "2535"]
[PlyCount "112"]
[EventDate "2005.05.08"]
[EventType "team-tourn"]
[EventRounds "13"]
[EventCountry "CHN"]
[SourceTitle "CBM 106 Extra"]
[Source "ChessBase"]
[SourceDate "2005.07.01"]
[SourceVersion "1"]
[SourceVersionDate "2005.07.01"]
[SourceQuality "1"]

1. d4 e6 2. c4 Nf6 3. Nc3 d5 4. Nf3 Be7 5. Bf4 0-0 6. e3 b6 7. Rc1 Bb7 8. cxd5 Nxd5 9. Nxd5 Qxd5 10. a3 Bd6 11. Bxd6 cxd6 12. Bd3 Nc6 13. 0-0 Rfc8 14. Qe2 Ne7 15. Ba6 h6 16. Bxb7 Qxb7 17. Nd2 Nf5 18. Qd3 d5 19. a4 Rc7 20. Rxc7 Qxc7 21. g3 Rc8 22. Nf3 Nd6 23. Ne5 a5 24. Qa3 Nc4 25. Nxc4 Qxc4 26. h4 Qb4 27. Qxb4 axb4 28. Ra1 h5 29. a5 bxa5 30. Rxa5 Rc2 31. b3 Rc3 32. Rb5 Rxb3 33. Rb7 Rb2 34. Kg2 b3 35. Kf3 Kf8 36. Kg2 f6 37. Kf3 g5 38. g4 hxg4+ 39. Kxg4 gxh4 40. Kxh4 Rxf2 41. Rxb3 Rg2 42. Kh3 Rg1 43. Kh2 Rg5 44. Rb7 Rg7 45. Rb8+ Kf7 46. Rb7+ Kg6 47. Rxg7+ Kxg7 48. Kg3 Kg6 49. Kg4 e5 50. dxe5 fxe5 51. Kf3 Kh5 52. Kg3 Kg5 53. Kf3 Kh4 54. Kg2 Kg4 55. Kf2 Kh3 56. Kf3 Kh2 0-1

[Event "CHN-chT Torch Real Estate Cup"]
[Site "Wuxi"]
[Date "2005.05.13"]
[Round "12"]
[White "Li, Bo"]
[Black "Xu, Hanbing"]
[Result "1/2-1/2"]
[WhiteElo "2319"]
[BlackElo "2290"]
[PlyCount "114"]
[EventDate "2005.05.08"]
[EventType "team-tourn"]
[EventRounds "13"]
[EventCountry "CHN"]
[SourceTitle "CBM 106 Extra"]
[Source "ChessBase"]
[SourceDate "2005.07.01"]
[SourceVersion "1"]
[SourceVersionDate "2005.07.01"]
[SourceQuality "1"]

1. d4 d5 2. Nf3 Nf6 3. c4 e6 4. Nc3 c6 5. e3 Nbd7 6. Qc2 Bd6 7. b3 0-0 8. Bb2 Qe7 9. Be2 dxc4 10. bxc4 e5 11. 0-0 Re8 12. Ne4 Nxe4 13. Qxe4 Nf6 14. Qh4 exd4 15. Bxd4 Ne4 16. Qxe7 Bxe7 17. Rab1 c5 18. Bd3 cxd4 19. Bxe4 dxe3 20. fxe3 Bc5 21. Bxb7 Bxb7 22. Rxb7 Bxe3+ 23. Kh1 Rac8 24. Re1 Kf8 25. Rb3 Bb6 26. Rxe8+ Rxe8 27. Rb2 f5 28. Rc2 Bc5 29. g3 Kf7 30. Kg2 Kf6 31. Ng1 Re1 32. Nf3 Re3 33. Ng1 Re1 34. Nf3 Re8 35. Kf1 g5 36. Nd2 h5 37. Nb3 Bb6 38. c5 Bc7 39. Nd4 a6 40. Nc6 Re4 41. Rb2 Rc4 42. Rb7 Rc1+ 43. Ke2 Be5 44. Rb6 Rxc5 45. Rxa6 Kf7 46. a4 f4 47. Nxe5+ Rxe5+ 48. Kf3 Re3+ 49. Kf2 fxg3+ 50. hxg3 Ra3 51. a5 h4 52. gxh4 gxh4 53. Kg2 Ke7 54. Ra8 Kd6 55. a6 Kc7 56. Kh2 Kb6 57. Rb8+ Ka7 1/2-1/2

[Event "Budapest FS05 IM-A"]
[Site "Budapest"]
[Date "2001.05.10"]
[Round "6"]
[White "Sinkovics, Peter"]
[Black "Xu, Hanbing"]
[Result "1-0"]
[WhiteElo "2317"]
[BlackElo "2235"]
[PlyCount "115"]
[EventDate "2001.05.??"]
[EventType "tourn"]
[EventRounds "9"]
[EventCountry "HUN"]
[EventCategory "3"]
[SourceTitle "CBM 082 Extra"]
[Source "ChessBase"]
[SourceDate "2001.07.03"]
[SourceVersion "1"]
[SourceVersionDate "2001.07.03"]
[SourceQuality "1"]

1. d4 e6 2. Nf3 Nf6 3. c4 b6 4. e3 Bb7 5. Bd3 Be7 6. Nc3 d5 7. 0-0 0-0 8. b3 c5 9. cxd5 cxd4 10. Nxd4 Nxd5 11. Bb2 Nxc3 12. Bxc3 Nd7 13. Nxe6 fxe6 14. Qh5 Nf6 15. Bxf6 Qxd3 16. Bxe7 Qe4 17. Qh3 Rf7 18. Bg5 Raf8 19. f3 Qg6 20. Qg3 h6 21. Bf4 Qxg3 22. Bxg3 Rd7 23. Rac1 Rc8 24. Rxc8+ Bxc8 25. Rc1 Ba6 26. Be5 Kf7 27. e4 g5 28. Rc2 Bd3 29. Rd2 Bb5 30. Rxd7+ Bxd7 31. Bb8 a6 32. Bc7 b5 33. Kf2 Kf6 34. Ke3 e5 35. g4 Ke6 36. Kd3 Be8 37. Kc3 Bc6 38. Kb4 Bd7 39. Ka5 Bc6 40. Kb6 Be8 41. Kxa6 Bc6 42. Ka5 Be8 43. a4 bxa4 44. bxa4 Bd7 45. Kb4 Bc8 46. Ka5 Bd7 47. Bb8 Kf6 48. Kb4 Bc8 49. a5 Ba6 50. Kc5 Ke6 51. Bd6 Be2 52. Bf8 Bxf3 53. Bxh6 Bxg4 54. a6 Bf3 55. a7 Bxe4 56. Bxg5 Kf5 57. Be3 Ba8 58. h4 1-0

[Event "Budapest FS05 IM-A"]
[Site "Budapest"]
[Date "2001.05.08"]
[Round "4"]
[White "Nyback, Tomi"]
[Black "Xu, Hanbing"]
[Result "1/2-1/2"]
[WhiteElo "2330"]
[BlackElo "2235"]
[PlyCount "86"]
[EventDate "2001.05.??"]
[EventType "tourn"]
[EventRounds "9"]
[EventCountry "HUN"]
[EventCategory "3"]
[SourceTitle "CBM 082 Extra"]
[Source "ChessBase"]
[SourceDate "2001.07.03"]
[SourceVersion "1"]
[SourceVersionDate "2001.07.03"]
[SourceQuality "1"]

1. Nf3 c5 2. c4 Nf6 3. Nc3 Nc6 4. g3 d5 5. cxd5 Nxd5 6. Bg2 Nc7 7. 0-0 e5 8. b3 Be7 9. Bb2 f6 10. Rc1 0-0 11. Ne1 Bd7 12. Nd3 Rc8 13. f4 exf4 14. Nxf4 Kh8 15. e3 Ne6 16. Nfd5 Ne5 17. d4 cxd4 18. exd4 Nxd4 19. Nxe7 Bg4 20. Nxc8 Bxd1 21. Rcxd1 Ndf3+ 22. Bxf3 Nxf3+ 23. Rxf3 Qxc8 24. Rfd3 h6 25. Ba3 Re8 26. Nd5 Qf5 27. R3d2 Qg4 28. Nf4 h5 29. Rd4 Kg8 30. Bb2 Re4 31. Rd8+ Kh7 32. Rf1 h4 33. Kg2 g5 34. Bxf6 Rxf4 35. Rh8+ Kg6 36. Rxf4 Qe2+ 37. Rf2 h3+ 38. Rxh3 Qe4+ 39. Kf1 Qb1+ 40. Kg2 Qe4+ 41. Kg1 Qe1+ 42. Rf1 Qe3+ 43. Kh1 Qe4+ 1/2-1/2

[Event "Budapest FS05 IM-A"]
[Site "Budapest"]
[Date "2001.05.06"]
[Round "2"]
[White "Jakab, Attila"]
[Black "Xu, Hanbing"]
[Result "1-0"]
[WhiteElo "2363"]
[BlackElo "2235"]
[PlyCount "37"]
[EventDate "2001.05.??"]
[EventType "tourn"]
[EventRounds "9"]
[EventCountry "HUN"]
[EventCategory "3"]
[SourceTitle "CBM 082 Extra"]
[Source "ChessBase"]
[SourceDate "2001.07.03"]
[SourceVersion "1"]
[SourceVersionDate "2001.07.03"]
[SourceQuality "1"]

1. d4 e6 2. c4 b6 3. Nf3 Nf6 4. g3 Ba6 5. Qa4 c5 6. Bg2 Bb7 7. dxc5 Bxc5 8. 0-0 0-0 9. Nc3 Be7 10. Rd1 a6 11. Bf4 Qc8 12. Qb3 b5 13. cxb5 axb5 14. Qxb5 Bc6 15. Qd3 Na6 16. Rac1 Qb7 17. Qb1 Ne4 18. Nxe4 Bxe4 19. Ng5 1-0

[Event "Budapest FS04 IM-A"]
[Site "Budapest"]
[Date "2001.04.16"]
[Round "10"]
[White "Spielmann, Alain"]
[Black "Xu, Hanbing"]
[Result "1-0"]
[WhiteElo "2341"]
[BlackElo "2235"]
[PlyCount "95"]
[EventDate "2001.04.07"]
[EventType "tourn"]
[EventRounds "12"]
[EventCountry "HUN"]
[EventCategory "2"]
[SourceTitle "CBM 081 Extra"]
[Source "ChessBase"]
[SourceDate "2001.05.06"]
[SourceVersion "1"]
[SourceVersionDate "2001.05.06"]
[SourceQuality "1"]

1. d4 Nf6 2. Nf3 d5 3. c4 c6 4. Nc3 e6 5. cxd5 exd5 6. Bg5 Be7 7. e3 0-0 8. Qc2 Nbd7 9. Bd3 Re8 10. h3 Nf8 11. 0-0-0 Be6 12. Kb1 N6d7 13. Bf4 Rc8 14. Rc1 c5 15. dxc5 Nxc5 16. Nd4 a6 17. f3 b5 18. Qd2 Qb6 19. g4 Na4 20. Nce2 Nd7 21. g5 Ndc5 22. h4 b4 23. h5 b3 24. axb3 Nxb3 25. Nxb3 Qxb3 26. Nd4 Qb6 27. Rxc8 Rxc8 28. Rc1 Ba3 29. Nxe6 Rxc1+ 30. Qxc1 fxe6 31. Qc8+ Bf8 32. Bxh7+ Kxh7 33. Qc2+ Kg8 34. Qxa4 Qb5 35. Qxb5 axb5 36. Be5 Bc5 37. Bd4 Bb4 38. Kc2 Kf7 39. g6+ Kf8 40. Kd3 Bd6 41. f4 Kg8 42. Be5 Bc5 43. e4 dxe4+ 44. Kxe4 Kf8 45. f5 exf5+ 46. Kxf5 Be3 47. Bd6+ Ke8 48. Bf4 1-0

[Event "Budapest Spring op 17th"]
[Site "Budapest"]
[Date "2001.03.20"]
[Round "5"]
[White "Antal, Gergely"]
[Black "Xu, Hanbing"]
[Result "1-0"]
[WhiteElo "2448"]
[BlackElo "2218"]
[PlyCount "67"]
[EventDate "2001.03.16"]
[EventType "swiss"]
[EventRounds "9"]
[EventCountry "HUN"]
[SourceTitle "CBM 081 Extra"]
[Source "ChessBase"]
[SourceDate "2001.05.06"]
[SourceVersion "1"]
[SourceVersionDate "2001.05.06"]
[SourceQuality "1"]

1. e4 c5 2. Nf3 Nc6 3. d4 cxd4 4. Nxd4 g6 5. c4 Nf6 6. Nc3 Nxd4 7. Qxd4 d6 8. Be3 Bg7 9. Be2 0-0 10. Qd2 Qa5 11. 0-0 Be6 12. Rac1 Rfc8 13. b3 a6 14. f4 b5 15. f5 Bd7 16. b4 Qxb4 17. e5 dxe5 18. fxg6 hxg6 19. Rxf6 exf6 20. Qxd7 Rd8 21. Qc6 bxc4 22. Nd5 Qd6 23. Bf3 Qxc6 24. Ne7+ Kh7 25. Nxc6 Rd3 26. Nb4 Rad8 27. Nxd3 cxd3 28. Rc7 Rb8 29. Rb7 Rc8 30. Bd1 g5 31. Bg4 Rd8 32. Rd7 Rxd7 33. Bxd7 Kg6 34. g4 1-0

[Event "Budapest FS03 IM-B"]
[Site "Budapest"]
[Date "2001.03.13"]
[Round "10"]
[White "Philippe, Christophe"]
[Black "Xu, Hanbing"]
[Result "1/2-1/2"]
[WhiteElo "2356"]
[BlackElo "2218"]
[PlyCount "89"]
[EventDate "2001.03.03"]
[EventType "tourn"]
[EventRounds "11"]
[EventCountry "HUN"]
[EventCategory "3"]
[SourceTitle "CBM 081 Extra"]
[Source "ChessBase"]
[SourceDate "2001.05.06"]
[SourceVersion "1"]
[SourceVersionDate "2001.05.06"]
[SourceQuality "1"]

1. e4 g6 2. d4 Bg7 3. Nc3 d5 4. exd5 Nf6 5. Bb5+ Nbd7 6. Nf3 0-0 7. Bxd7 Bxd7 8. 0-0 Bf5 9. Re1 Re8 10. Re5 Nd7 11. Re1 Nb6 12. Bf4 Nxd5 13. Nxd5 Qxd5 14. Be5 c6 15. Bxg7 Kxg7 16. Re5 Qd6 17. h3 Rad8 18. Qe2 Be6 19. Re1 Bd5 20. c3 Bxf3 21. Qxf3 Qf6 22. Qe4 e6 23. g4 Rd5 24. Re3 Rxe5 25. dxe5 Qh4 26. Qd4 h5 27. Rd3 hxg4 28. Qxg4 Qxg4+ 29. hxg4 Kf8 30. Rd7 Re7 31. Rd8+ Re8 32. Rd7 Re7 33. Rd6 Re8 34. c4 Ke7 35. c5 f6 36. exf6+ Kxf6 37. Rd7 b6 38. Rxa7 bxc5 39. Rc7 Rb8 40. b3 Rb6 41. Rd7 Rb4 42. f3 Ke5 43. Kf2 c4 44. bxc4 Rxc4 45. Rg7 1/2-1/2

[Event "Budapest FS03 IM-B"]
[Site "Budapest"]
[Date "2001.03.12"]
[Round "9"]
[White "Xu, Hanbing"]
[Black "Kaposztas, Miklos"]
[Result "1/2-1/2"]
[WhiteElo "2218"]
[BlackElo "2265"]
[PlyCount "42"]
[EventDate "2001.03.03"]
[EventType "tourn"]
[EventRounds "11"]
[EventCountry "HUN"]
[EventCategory "3"]
[SourceTitle "CBM 081 Extra"]
[Source "ChessBase"]
[SourceDate "2001.05.06"]
[SourceVersion "1"]
[SourceVersionDate "2001.05.06"]
[SourceQuality "1"]

1. e4 c5 2. Nc3 Nc6 3. g3 g6 4. Bg2 d6 5. d3 Bg7 6. Be3 e6 7. Qd2 Nge7 8. Bh6 0-0 9. h4 f6 10. Bxg7 Kxg7 11. Nge2 Nd4 12. Nxd4 cxd4 13. Ne2 Qb6 14. c3 Nc6 15. cxd4 Nxd4 16. Nxd4 Qxd4 17. Qc3 Qb6 18. 0-0 Bd7 19. Rfc1 Rfc8 20. Qd2 Rxc1+ 21. Rxc1 e5 1/2-1/2

[Event "Budapest FS03 IM-B"]
[Site "Budapest"]
[Date "2001.03.03"]
[Round "1"]
[White "Berczes, Csaba"]
[Black "Xu, Hanbing"]
[Result "1/2-1/2"]
[WhiteElo "2209"]
[BlackElo "2218"]
[PlyCount "48"]
[EventDate "2001.03.03"]
[EventType "tourn"]
[EventRounds "11"]
[EventCountry "HUN"]
[EventCategory "3"]
[SourceTitle "CBM 081 Extra"]
[Source "ChessBase"]
[SourceDate "2001.05.06"]
[SourceVersion "1"]
[SourceVersionDate "2001.05.06"]
[SourceQuality "1"]

1. e4 e5 2. Nf3 Nc6 3. Bb5 f5 4. d3 fxe4 5. dxe4 Nf6 6. 0-0 Bc5 7. Qe2 d6 8. h3 0-0 9. c3 Kh8 10. Nbd2 Qe8 11. b4 Bb6 12. Nc4 Qg6 13. Re1 Bxh3 14. Nh4 Qg4 15. Qxg4 Bxg4 16. Nxb6 axb6 17. g3 Be6 18. a3 Ne7 19. f4 Ng6 20. Nxg6+ hxg6 21. Kg2 Kg8 22. Bd3 d5 23. fxe5 Nxe4 24. Bxe4 dxe4 1/2-1/2

[Event "Budapest FS02 IM-A"]
[Site "Budapest"]
[Date "2001.02.11"]
[Round "8"]
[White "Xu, Hanbing"]
[Black "Vajda, Szidonia"]
[Result "1/2-1/2"]
[WhiteElo "2218"]
[BlackElo "2316"]
[PlyCount "88"]
[EventDate "2001.02.03"]
[EventType "tourn"]
[EventRounds "12"]
[EventCountry "HUN"]
[EventCategory "3"]
[SourceTitle "CBM 080 Extra"]
[Source "ChessBase"]
[SourceDate "2001.03.08"]
[SourceVersion "1"]
[SourceVersionDate "2001.03.08"]
[SourceQuality "1"]

1. e4 e5 2. Bc4 Nf6 3. d3 c6 4. Nf3 d5 5. Bb3 Bd6 6. Nbd2 0-0 7. 0-0 Nbd7 8. Re1 Qc7 9. Nf1 Nc5 10. Ng3 a5 11. c3 dxe4 12. dxe4 Nxb3 13. Qxb3 Nd7 14. Qd1 Nc5 15. Nh4 g6 16. Bh6 Rd8 17. Qf3 Bf8 18. Bxf8 Rxf8 19. Qe3 Qe7 20. Qh6 Ne6 21. Nhf5 gxf5 22. exf5 Qg5 23. Qxg5+ Nxg5 24. h4 Nf3+ 25. gxf3 f6 26. Rad1 a4 27. Rd6 Kf7 28. f4 exf4 29. Nh5 Bxf5 30. Rxf6+ Kg8 31. Rxf8+ Rxf8 32. Nxf4 a3 33. b4 Rd8 34. Re5 Bb1 35. Ra5 Rf8 36. Ng2 Bxa2 37. Rxa3 Bd5 38. Ne3 Be4 39. Ra5 b5 40. c4 bxc4 41. Rc5 Bd3 42. Nxc4 Rf4 43. Ne5 Rxb4 44. Nxc6 Rg4+ 1/2-1/2

[Event "Budapest FS02 IM-A"]
[Site "Budapest"]
[Date "2001.02.03"]
[Round "1"]
[White "Xu, Hanbing"]
[Black "Seres, Lajos"]
[Result "0-1"]
[WhiteElo "2218"]
[BlackElo "2445"]
[PlyCount "60"]
[EventDate "2001.02.03"]
[EventType "tourn"]
[EventRounds "12"]
[EventCountry "HUN"]
[EventCategory "3"]
[SourceTitle "CBM 080 Extra"]
[Source "ChessBase"]
[SourceDate "2001.03.08"]
[SourceVersion "1"]
[SourceVersionDate "2001.03.08"]
[SourceQuality "1"]

1. e4 c5 2. Nf3 Nc6 3. Bb5 Qb6 4. Nc3 e6 5. 0-0 Nge7 6. b3 Nd4 7. Bd3 Nec6 8. Nxd4 cxd4 9. Ne2 Bc5 10. Bb2 Ne5 11. f4 Nxd3 12. cxd3 0-0 13. Qe1 f6 14. Qf2 e5 15. fxe5 fxe5 16. Qh4 Qd8 17. Rxf8+ Qxf8 18. Ng3 Qe7 19. Qxe7 Bxe7 20. Nf5 Bf8 21. a4 b6 22. Kf2 g6 23. Nh4 Bc5 24. Ba3 a5 25. Ke2 d6 26. Kd1 Bg4+ 27. Kc2 Rf8 28. Bxc5 bxc5 29. h3 Be2 30. Rc1 Rf1 0-1

[Event "Tapolca op"]
[Site "Budapest"]
[Date "2001.01.10"]
[Round "6.11"]
[White "Csatari, Mariann"]
[Black "Xu, Hanbing"]
[Result "0-1"]
[WhiteElo "2125"]
[BlackElo "2218"]
[PlyCount "88"]
[EventDate "2001.01.07"]
[EventType "swiss"]
[EventRounds "9"]
[EventCountry "HUN"]
[SourceTitle "EXT 2004"]
[Source "ChessBase"]
[SourceDate "2003.11.25"]
[SourceVersion "1"]
[SourceVersionDate "2003.11.25"]
[SourceQuality "1"]

1. d4 Nf6 2. c4 e6 3. Nc3 Bb4 4. a3 Bxc3+ 5. bxc3 c5 6. Qc2 Nc6 7. e3 0-0 8. Nf3 d6 9. Be2 e5 10. d5 Ne7 11. e4 Ng6 12. 0-0 Qe7 13. Ne1 Nf4 14. Bxf4 exf4 15. f3 Nd7 16. Nd3 g5 17. g4 Ne5 18. Nxe5 Qxe5 19. Kg2 h5 20. h3 Kg7 21. Rh1 Rh8 22. Rh2 Bd7 23. Rah1 Rh6 24. Kg1 Rah8 25. Bd3 Kf6 26. Bf1 Ke7 27. Qb2 b6 28. Qc2 Kd8 29. Bd3 Kc7 30. Bf1 Kb7 31. Bd3 Ka6 32. Qb2 Be8 33. Bf1 R8h7 34. Bd3 Kb7 35. Qc2 Bd7 36. Bf1 Qh8 37. Bd3 hxg4 38. e5 g3 39. Re2 dxe5 40. d6 f6 41. Be4+ Kb8 42. Qd3 Qg8 43. Rd2 Rh8 44. Bd5 Qg6 0-1